000 00536nam a2200169Ia 4500
008 240729s9999 xx 000 0 und d
022 _a2636-3933
245 0 _aJournal of Theories and Applications of Physical Education Sport Sciences
260 _aEgypt
260 _bSatat University, Faculty of Physical Education
650 _a Recreation. Leisure
650 _a Sports
650 _aGeography. Anthropology. Recreation
856 _uhttps://doaj.org/toc/a878e53d6dde4af3b133753ea16f4b78
942 _2ddc
942 _cDOAJEJ
999 _c74683
_d74683
945 _a1
_bMadushi Gamage
_c1
_dMadushi Gamage